000 00510nam a2200157 i 4500
001 30301
003 ES-MaACL
005 20230909063108.0
007 t|
008 030124s1908 sp ||||1| spa d
100 1 _aBarras de Aragón, Francisco de las,
_d1869-1955
_925859
245 1 0 _aApuntes sobre el suprimido Jardín Botánico de la Universidad de Oviedo /
_cFrancisco de las Barras de Aragón.
260 _aOviedo :
_b[s.n.,
_c1908]
852 _aES-MaACL
_j1602-F-22
999 _c30301
_d30301